00000000nam 2200000zi 4500
0019.945362
003CaOODSP
00520250121144457
006m     o  d f      
007cr mn|||||||||
008241120t20252025oncd    obs  f000 0 eng d
020 |a9780660745848
040 |aCaOODSP|beng|erda|cCaOODSP
043 |an-cn---
0861 |aCS91-620/2025-1E-PDF
24500|aPopulation projections for Canada (2024 to 2074), provinces and territories (2024 to 2049): |btechnical report on methodology and assumptions.
264 1|a[Ottawa] : |bStatistics Canada = Statistique Canada, |cJanuary 21, 2025.
264 4|c©2025
300 |a1 online resource (22 pages) : |bgraphs
336 |atext|btxt|2rdacontent
337 |acomputer|bc|2rdamedia
338 |aonline resource|bcr|2rdacarrier
500 |aCover title.
500 |aIssued also in French under title: Projections démographiques pour le Canada (2024 à 2074), les provinces et les territoires (2024 à 2049) : rapport technique sur la méthodologie et les hypothèses.
504 |aIncludes bibliographical references (pages 21-22).
520 |a"This document describes the projection assumptions and the various scenarios proposed in the 2025 edition of Statistics Canada’s population projections, for the period 2024–2049. While Statistics Canada used to publish a new series of projections every 5 years, only 6 months separate this edition from the previous one published in June 2024. Frequent updates are relevant to reflect the fast changes that Canadian demography is experiencing since the end of the pandemic, including recent changes in the targets of admissions of immigrants and non-permanent residents"--Introduction, page 4.
650 0|aPopulation forecasting|zCanada|xStatistical methods.
651 0|aCanada|xPopulation|xStatistical methods.
7102 |aStatistics Canada, |eissuing body.
77508|tProjections démographiques pour le Canada (2024 à 2074), les provinces et les territoires (2024 à 2049) : |w(CaOODSP)9.945363
85640|qPDF|s384 KB|uhttps://publications.gc.ca/collections/collection_2025/statcan/91-620-x2025001-eng.pdf
8564 |qHTML|sN/A|uhttps://www150.statcan.gc.ca/n1/pub/91-620-x/91-620-x2025001-eng.htm
986 |a91-620-X